01168nab a2200205uuc450000100070000000500170000700800410002403500110006503500210007604000130009704100080011010000940011824500750021226000100028752004390029765000280073665000370076465000440080177301170084597360420240917090241.0060505s2004 spa  a973604 a(OCoLC)820349126 ccomduadb aspa10aMachado Cartagena, Absalón,d1941-4aut0(isni)0000 0000 8401 109X0(viaf)93458405eaut10aAcademia, actores sociales y políticas públicas en el sector rural c2004.3 aUn análisis sobre el modo en que las ciencias sociales, y en particular la economía, han enfrentado el problema rural y acompañado las transformaciones del país y del sector. En particular se analizó el estado de discusión y comprensión del problema agrario y rural; la incidencia del trabajo académico sobre el diseño de políticas públicas, y la visión de los actores sociales sobre el trabajo de la academia. aSector rural - Colombia 7aDesarrollo ruralzColombia2lemb 7aPolíticas públicaszColombia2embne0 tColombia : Ciencia y Tecnología (Bogotá)gVol. 22, No. 04, Oct.-Dic. 2004, p. 37-43w99835x0120-5595092033